La construcción significativa del mundo social (Record no. 15644)

MARC details
000 -LEADER
campo de control de longitud fija 01186nam a22003255i 4500
001 - NÚMERO DE CONTROL
campo de control 15644
003 - IDENTIFICADOR DE NÚMERO DE CONTROL
campo de control ES-MaACL
005 - FECHA Y HORA DE LA ÚLTIMA TRANSACCIÓN
campo de control 20251015185548.0
007 - CAMPO FIJO DE DESCRIPCIÓN FÍSICA--INFORMACIÓN GENERAL
campo de control de longitud fija t|
008 - DATOS DE LONGITUD FIJA--INFORMACIÓN GENERAL
campo de control de longitud fija 000410s1993 sp ||||0| spa j
020 ## - NÚMERO INTERNACIONAL ESTÁNDAR DEL LIBRO
Número Internacional Estándar del Libro 84-7509-943-2
040 ## - FUENTE DE CATALOGACIÓN
Centro catalogador/agencia de origen M-BN
Lengua de catalogación spa
Centro/agencia transcriptor M-BN
080 ## - NÚMERO DE LA CLASIFICACIÓN DECIMAL UNIVERSAL
Número de la Clasificación Decimal Universal 316:1
100 1# - ENTRADA PRINCIPAL--NOMBRE DE PERSONA
Nombre de persona Schütz, Alfred.
9 (RLIN) 104839
245 13 - MENCIÓN DEL TÍTULO
Título La construcción significativa del mundo social
Resto del título : introducción a la sociología comprensiva /
Mención de responsabilidad, etc. Alfred Schütz ; prólogo de Joan-Carles Mèlich para la presente edición ; [traducción de Eduardo J. Prieto].
250 ## - MENCION DE EDICION
Mención de edición 1ª reimp.
260 ## - PUBLICACIÓN, DISTRIBUCIÓN, ETC.
Lugar de publicación, distribución, etc. Barcelona :
Nombre del editor, distribuidor, etc. Paidós Ibérica,
Fecha de publicación, distribución, etc. 1993.
300 ## - DESCRIPCIÓN FÍSICA
Extensión XI, 279 p. ;
Dimensiones 22 cm.
490 1# - MENCIÓN DE SERIE
Mención de serie Paidós básica ;
Designación de volumen o secuencia 67
504 ## - NOTA DE BIBLIOGRAFÍA, ETC.
Nota de bibliografía, etc. Bibliografía: p. 278-279.
595 ## -
-- Reimp. de la 1ª ed. publicada con el tít.: Fenomenología del mundo social.
650 14 - PUNTO DE ACCESO ADICIONAL DE MATERIA--TÉRMINO DE MATERIA
Término de materia o nombre geográfico como elemento de entrada Sociología-
Subdivisión general Filosofía.
9 (RLIN) 17199
700 1# - ENTRADA AGREGADA--NOMBRE PERSONAL
Nombre de persona Mèlich, Joan-Carles.
9 (RLIN) 79966
700 1# - ENTRADA AGREGADA--NOMBRE PERSONAL
Nombre de persona Prieto, Eduardo J.,
Fechas asociadas al nombre 1916-
9 (RLIN) 93878
740 0# - ENTRADA AGREGADA--TÍTULO RELACIONADO/ANALÍTICO NO CONTROLADO
Título relacionado o analítico no controlado Fenomenología del mundo social.
830 0# - PUNTO DE ACCESO ADICIONAL DE SERIE-TÍTULO UNIFORME
Título uniforme Paidós básica ;
Designación de volumen o secuencia 67
9 (RLIN) 178397
852 ## - LOCALIZACIÓN
Ubicación ES-MaACL
Número de control de estantería L-22700
Sublocalización o colección R.128185
Holdings
Estatus retirado Estado de pérdida Estado de daño No para préstamo Biblioteca de origen Biblioteca actual Ubicación en estantería Fecha de adquisición Fuente de adquisición Total de préstamos Signatura topográfica completa Código de barras Visto por última vez Precio de reemplazo Tipo de ítem Koha
        Biblioteca del Ateneo de Madrid Biblioteca del Ateneo de Madrid Depósito 2 17/01/2008     L-22700 1015903 23/02/2023 23/02/2023 Libro impreso